| 000 | 00597nam a22001937a 4500 | ||
|---|---|---|---|
| 010 | _aENG-116550 | ||
| 020 |
_a019946796 _c295.00 |
||
| 020 |
_a9780199467969 _c295.00 |
||
| 035 | _aEN-100082 | ||
| 037 | _bDBAD/PUB | ||
| 082 | _a323.60954 | ||
| 100 | _aRoy, Anupama | ||
| 245 |
_aCitizenship in India ; _c by Anupama Roy |
||
| 260 |
_aNew Delhi _bOxford university press _c2016 |
||
| 270 |
_aYMCA Library Building,1 jaisingh road _bNew Delhi _e110001 |
||
| 300 |
_axxix,218p. _c18cm (pbk) |
||
| 500 | _a Includes references and index. | ||
| 942 |
_2ddc _cEN _h323.60954 _mROY |
||
| 999 |
_c104629 _d104629 |
||